Feliz Navidad Lyrics - Statistics

General Stats
  • This quiz has been taken 67 times
  • The average score is 16 of 19
Answer Stats
Answer % Correct
Feliz
100%
Navidad
100%
Y
98%
A
95%
You
93%
Christmas
91%
Merry
91%
Wish
91%
I
86%
Of
80%
Bottom
79%
My
79%
The
79%
Wanna
79%
From
77%
Heart
77%
Próspero
63%
Año
61%
Felicidad
54%
No matching quizzes found
Score Distribution
Percent of People with Each Score
Percentile by Number Answered
Your Score History
You have not taken this quiz